000 00843nam a2200265 i 4500
001 177679
003 ES-MaACL
005 20250902064558.0
008 110412s1985 sp ||||1| spa d
020 _a84-505-1694-3
080 _a658.15
080 _a338.58
100 1 _aPérez-Carballo, A.
_990704
245 1 3 _aLa decisión de invertir /
_cÁngel Pérez-Carallo y Veiga, Felipe Monge Zamorano.
260 _aMadrid :
_bInstituto de la Pequeña y Mediana Empresa Industrial,
_cD. L. 1985.
300 _a95 p. ;
_c21 cm.
490 1 _aManuales IMPI ;
_v9
500 _aÍndice.
504 _aBibliografía: p. 94.
650 1 7 _aEmpresas-
_xInversiones
_2
_9146118
700 1 _aMonge Zamorano, Felipe.
_9146117
830 0 _aManuales IMPI ;
_v9
_9190542
852 _aES-MaACL
_jE-14876
_xOlim P-518
999 _c177679
_d177679